Sports Quiz

Random Sports or NFL Quiz

2013-2014 NFL League Leaders Quiz Stats

 Plays Quiz not verified by Sporcle

Challenge
Share
Tweet
Embed
Score 0/63 Timer 04:00
0 Plays Today
Category Player % Correct
Passing YardsPeyton Manning
99.9%
Passing TDPeyton Manning
99.9%
Completion Pct.Peyton Manning
99.9%
Total QBRPeyton Manning
99.9%
Passing YardsDrew Brees
99.6%
Passing TDDrew Brees
99.6%
Completion Pct.Drew Brees
99.6%
Pass InterceptionsEli Manning
99.6%
Recieving YardsCalvin Johnson
98.9%
Passing YardsMatthew Stafford
98.6%
ReceptionsAndre Johnson
98.6%
Rushing YardsLesean McCoy
98%
Rushing YardsJamaal Charles
97.8%
Rushing TDJamaal Charles
97.8%
Rushing TDMarshawn Lynch
97.2%
Completion Pct.Philip Rivers
97.1%
Total QBRPhilip Rivers
97.1%
Receiving TDDemaryius Thomas
96.5%
Rushing YardsMatt Forte
96.3%
InterceptionsEarl Thomas - Logan Ryan...
96.2%
Recieving YardsAntonio Brown
96.1%
Punt Return YardsAntonio Brown
96.1%
ReceptionsAntonio Brown
96.1%
Rushing YDS/ADonald Brown
95.9%
Passing TDAndy Dalton
95%
Recieving YardsJosh Gordon
94.3%
Rushing TDEddie Lacy
94%
Receiving TDJimmy Graham
92.5%
Receiving TDVernon Davis - Dez Bryant
92%
Pass InterceptionsJoe Flacco
91.5%
Pass InterceptionsCarson Palmer
89.6%
Kick Return YardsDevin Hester
85.4%
Category Player % Correct
ReceptionsPierre Garcon
83.3%
InterceptionsRichard Sherman
80.6%
Total QBRJosh McCown
79.1%
Rushing YDS/ACam Newton
76.8%
Kick Return YardsCordarelle Patterson
74.4%
Field Goal PercentageMatt Prater
71.3%
Total PointsMatt Prater
71.3%
SacksRobert Mathis
68.9%
Forced FumblesRobert Mathis
68.9%
Rushing YDS/AAndre Ellington
67.5%
Field Goals MadeJustin Tucker
65.9%
Field Goals MadeStephen Gostkowski
65.6%
Total PointsStephen Gostkowski
65.6%
Punt Return YardsDexter McCluster
62.8%
SacksRobert Quinn
54.9%
Forced FumblesRobert Quinn
54.9%
Field Goals MadeAdam Vinatieri
51%
TacklesVontaze Burfict
47%
Punt Return YardsGolden Tate
46.8%
Field Goal PercentageSteven Hauschka
45.9%
InterceptionsAntrel Rolle - DeAndre Levy...
44.7%
SacksGreg Hardy
42.8%
TacklesKiko Alonso
39.8%
Total PointsNick Novak
34%
Field Goal PercentageShaun Suisham
33.4%
TacklesPaul Posluszny
25.5%
INT Return YardsBrandon Boykin
18.1%
INT Return YardsSean Lee
17.7%
Forced FumblesJerrel Freeman - Alec Ogletree
12.6%
INT Return YardsTashaun Gipson
10%
Kick Return YardsQuintin Demps
9.9%

You're not logged in!

Compare scores with friends on all Sporcle quizzes.
OR
Log In

You Might Also Like...

Show Comments

Extras

Top Quizzes Today


Score Distribution

Your Account Isn't Verified!

In order to create a playlist on Sporcle, you need to verify the email address you used during registration. Go to your Sporcle Settings to finish the process.

Report this User

Report this user for behavior that violates our Community Guidelines.

Details: